PERSONNAGES DE SERIES - Statistiques

Statistiques générales
  • Ce quiz a été pris 624 fois
  • Le résultat moyen est 54 sur 349
Statistiques - réponses
SERIES PERSONNAGES % Correct
La Casa De Papel Tokyo
68%
You Joe
67%
Modern Family Joe Pritchette
67%
Orphan Black Rachel
65%
La Casa De Papel Rio
59%
La Casa De Papel Berlin
57%
How I Met Your Mother | The Walking Dead Carl
56%
Riverdale Betty Cooper
55%
Riverdale Archie Andrews
54%
Charmed Phoebe
51%
Riverdale Veronica Logde
51%
La Casa De Papel Le professeur
50%
Atypical | Supernatural Sam
50%
Riverdale Jughead Jones
49%
La Casa De Papel Nairobi
48%
La Casa De Papel Denver
46%
La Casa De Papel Helsinki
46%
The 100 Bellamy
44%
2 Broke Girls Han
44%
Riverdale Cheryl Blossom
43%
Friends Chandler Bing
42%
Elite Samuel
41%
Elite Guzman
40%
Friends Monica Geller
40%
La Casa De Papel Oslo
40%
Friends Ross Geller
40%
The 100 Clarke
39%
Quicksand Hanna
39%
The 100 Octavia
39%
Elite Carla
38%
13 Reasons Why Clay
38%
La Casa De Papel Moscou
38%
Elite Nadia
38%
This is us Jon Huertas
36%
Friends Rachel Green
36%
Elite Lucrecia
35%
Riverdale Hal Cooper
34%
The 100 John
34%
Charmed Léo
33%
Elite Ander
32%
Friends Carol
32%
Elite Omar
32%
13 Reasons Why Hannah
31%
This is us Hannah Zeile
31%
Friends Ben
30%
Kyle XY Jessi
30%
Elite Polo
30%
The Walking Dead Rick
30%
Game of Throne Daenerys
29%
13 Reasons Why Jessica
29%
Elite Marina
29%
La Casa De Papel Marseille
29%
13 Reasons Why Alex
28%
Modern Family Alex Dunphy
28%
Brooklyn nine nine | The Big Bang Théorie Amy
28%
How I Met Your Mother | Riverdale Kevin
28%
Friends Phoebe Buffay
28%
La Casa De Papel Stockholm
28%
Riverdale Alice Cooper
27%
Friends Joey Tribbiani
27%
13 Reasons Why Justin
27%
This is us JustinHartley
27%
La Casa De Papel Raquel
27%
Charmed Piper
26%
The Walking Dead Daryl
25%
Toi, Moi, Elle Jack
25%
Friends Jack Geller
25%
This is us Chris Sullivan
24%
The good place Jason
24%
Riverdale Jason Blossom
24%
Game of Throne Jon Snow
24%
The 100 Monty
24%
The 100 Raven
24%
13 Reasons Why | How I Met Your Mother Tony
24%
Elite Cayetana
23%
The 100 Finn
23%
Friends Janice
23%
The Middle Mike Heck
23%
Riverdale Fred Andrew
22%
Friends Gunther
22%
The 100 Jasper
22%
Kyle XY Lori Trager
22%
You Love
22%
La Casa De Papel Palerme
22%
The Big Bang Théorie Penny
22%
Charmed Prue
22%
The Big Bang Théorie Sheldon Cooper
22%
La Casa De Papel Arturo
21%
Game of Throne Arya
21%
Riverdale Hiram Lodge
21%
How I Met Your Mother Lily Aldrin
21%
The 100 Lincoln
21%
Atypical | Charmed Paige
21%
Les demoiselles du téléphone Sara
21%
Riverdale FP Jones
20%
The Walking Dead Michonne
20%
Elite Rebeka
20%
13 Reasons Why Bryce
19%
Elite Christian
19%
The Walking Dead | Younger Maggie
19%
The 100 Marcus
19%
Elite Nano
19%
Riverdale Toni
19%
Elite Valerio
19%
How I Met Your Mother | Santa Clarita Diet Abby
18%
Umbrella Academy Diego
18%
Friends | Kyle XY | The Big Bang Théorie Emily
18%
Riverdale Hermione Lodge
18%
Umbrella Academy Klaus
18%
The Walking Dead Negan
18%
Friends Richard
18%
Game of Throne Tyrion
18%
La Casa De Papel Bogota
17%
Brooklyn nine nine | Riverdale | Younger Charles
17%
The Walking Dead Glenn
17%
Kyle XY Kyle
17%
Modern Family Phil Dunphy
17%
La Casa De Papel Alicia
16%
How I Met Your Mother Barney Stinson
16%
Les demoiselles du téléphone Carlos
16%
Les demoiselles du téléphone Carlota
16%
Game of Throne Cersei
16%
Umbrella Academy Luther
16%
The good place Michael
16%
Friends | Orphan Black Paul
16%
How I Met Your Mother Ted Mosby
16%
Umbrella Academy Vanya
16%
Umbrella Academy Allison
15%
Murder Annalise
15%
Orphan Black Beth
15%
Supernatural Dean
15%
Murder Franck
15%
Brooklyn nine nine Jake
15%
Riverdale Polly Cooper
15%
Friends Susan
15%
This is us Susan Kelechi
15%
Les demoiselles du téléphone Alba
14%
Orphan Black Alison
14%
You Beck
14%
Les demoiselles du téléphone Francisco
14%
The Walking Dead Lori
14%
The Walking Dead Lydia
14%
13 Reasons Why Tyler
14%
Modern Family Claire Dunphy
13%
Friends Judy Geller
13%
Les demoiselles du téléphone Marga
13%
Les demoiselles du téléphone Pablo
13%
How I Met Your Mother Robin Scherbatsky
13%
The Walking Dead Shane
13%
Les demoiselles du téléphone Angeles
12%
Game of Throne Bran
12%
The Walking Dead Judith
12%
Modern Family Luke Dunphy
12%
How I Met Your Mother Marshall Erisksen
12%
Riverdale Penelope Blossom
12%
Cougar Town Tom
12%
13 Reasons Why Zach
12%
The Walking Dead Andrea
11%
The Big Bang Théorie Bernadette
11%
Murder Bonnie
11%
Friends | Kyle XY Charlie
11%
Charmed Cole
11%
The Walking Dead Rosita
11%
Kyle XY | Orphan Black Sarah
11%
The Middle Sue Heck
11%
Friends Ursula
11%
Murder Wes
11%
How I Met Your Mother Don
10%
The Walking Dead Hershel
10%
Friends Julie
10%
Brooklyn nine nine Ray
10%
Brooklyn nine nine Rosa
10%
Modern Family Cameron Tucker
9%
Friends David
9%
The good place Eleanor
9%
Santa Clarita Diet Eric
9%
Modern Family Gloria Pritchett
9%
Murder Laurel
9%
Kyle XY Mark
9%
2 Broke Girls Max
9%
Murder Michaela
9%
Murder Oliver
9%
You Peach
9%
Les demoiselles du téléphone Sofia
9%
Brooklyn nine nine Terry
9%
The 100 Wells
9%
Riverdale Chic
8%
Murder Connor
8%
Les demoiselles du téléphone Eva
8%
Modern Family Haley Dunphy
8%
The Big Bang Théorie Howard Wolowitz
8%
Modern Family Jay Pritchett
8%
Umbrella Academy Numéro cinq
8%
How I Met Your Mother Simon
8%
Friends Barry
7%
Brooklyn nine nine Gina
7%
Modern Family Manny Delgado
7%
Modern Family Mitchell Pritchette
7%
Friends Paolo
7%
Friends Pete
7%
The Walking Dead Tara
7%
The Big Bang Théorie Zack
7%
The 100 Abigail
6%
2 Broke Girls | Cougar Town Andy
6%
13 Reasons Why Ani
6%
Murder Asher
6%
2 Broke Girls Caroline
6%
The good place Chidi
6%
The good place Janet
6%
Younger Josh
6%
Kyle XY Josh Trager
6%
The Big Bang Théorie Léonard Hofstadter
6%
13 Reasons Why Montgomery
6%
How I Met Your Mother Nick
6%
The Big Bang Théorie Rajesh Koothrappali
6%
How I Met Your Mother | The Big Bang Théorie Stuart
6%
Friends Tag
6%
How I Met Your Mother Victoria
6%
The Walking Dead Alpha
5%
The Middle Brick Heck
5%
You Candace
5%
Atypical Casey
5%
Riverdale Clifford Blossom
5%
Atypical Doug
5%
Game of Throne Eddard
5%
Cougar Town | You Ellie
5%
The 100 Jordan
5%
Friends Kathy
5%
The Big Bang Théorie Leslie
5%
The Big Bang Théorie Lucy
5%
Friends Mike Hannigan
5%
How I Met Your Mother Nora
5%
How I Met Your Mother Quinn
5%
2 Broke Girls Sophie
5%
The good place Tahani
5%
Kyle XY Amanda
4%
The Middle Axl Heck
4%
The Middle Brad
4%
Orphan Black Cosima
4%
You Delilah
4%
Atypical Elsa
4%
The Walking Dead Enid
4%
Friends Estelle
4%
Orphan Black | Quicksand Felix
4%
You Forty
4%
Orphan Black Helena
4%
Atypical Izzie
4%
Elite Malick
4%
Les demoiselles du téléphone Miguel
4%
The Big Bang Théorie Priya
4%
The Middle Sean
4%
How I Met Your Mother | Modern Family Stella
4%
Elite Yeray
4%
How I Met Your Mother Zoey
4%
Younger Diana
3%
Riverdale Edgar Evernever
3%
Atypical Evan
3%
La Casa De Papel Gandia
3%
This is us Griffin Dunne
3%
Cougar Town Jules
3%
How I Met Your Mother Karen
3%
Cougar Town Laurie
3%
The Big Bang Théorie Mary Cooper
3%
You Paco
3%
How I Met Your Mother Tracy
3%
Atypical Zahid
3%
Cougar Town Barbara
2%
The Big Bang Théorie Barry Kripke
2%
The Big Bang Théorie Bert
2%
Cougar Town Bobby
2%
Friends Bob le marrant
2%
The Walking Dead Connie
2%
2 Broke Girls Earl
2%
The Middle Frances Heck
2%
Friends Franck Junior
2%
Toi, Moi, Elle Izzy
2%
Santa Clarita Diet Joel
2%
2 Broke Girls Johnny
2%
Friends Joshua
2%
Younger Lauren
2%
Friends Le gros tout nu
2%
The Middle Lexie
2%
Younger Liza
2%
This is us Mandy Moore
2%
This is us Milo Ventimiglia
2%
The Big Bang Théorie Missy Cooper
2%
Kyle XY Nicole Trager
2%
Brooklyn nine nine Norm
2%
2 Broke Girls Oleg
2%
Riverdale Pop Tate
2%
How I Met Your Mother Ranjit
2%
How I Met Your Mother Sandy
2%
How I Met Your Mother Scooter
2%
Santa Clarita Diet Sheila
2%
Kyle XY Stephen Trager
2%
The 100 Thelonius
2%
Cougar Town Travis
2%
The Big Bang Théorie Beverly Hofstadter
1%
Kyle XY | The Middle Cassidy
1%
This is us Chrissy Metz
1%
How I Met Your Mother Claudia
1%
Les demoiselles du téléphone Cristobal
1%
The Middle Darrin
1%
Kyle XY Declan
1%
Riverdale Evelyn Evernever
1%
How I Met Your Mother Gael
1%
Cougar Town Grayson
1%
Kyle XY Hillary
1%
Mindhunter Holden
1%
Younger Kelsey
1%
How I Met Your Mother Le Capitaine
1%
This is us Logan Shroyer
1%
How I Met Your Mother Monique
1%
Friends Mr Heckles
1%
Kyle XY Tom Foss
1%
The Big Bang Théorie Wil Wheaton
1%
Younger Zane
1%
Kyle XY Adam Baylin
0%
Cougar Town Angie
0%
The 100 Callie
0%
Toi, Moi, Elle Chelah
0%
Cougar Town Kirsten
0%
Orphan Black Krystal
0%
This is us Niles Fitch
0%
The Big Bang Théorie Professeur Proton
0%
Riverdale Roi des gargouilles
0%
How I Met Your Mother Wendy
0%
Aucun quiz correspondant
Distribution des résultats
% des personnes avec chaque résultat
Percentile par nombre de réponses
Votre historique - résultats
Vous n’avez pas pris ce quiz